[Event "3. Copenhagen Open Politiken Cup"]
[Site "Brndby"]
[Date "1981.??.??"]
[Round "6"]
[White "Sjoberg, Mats"]
[Black "Fuglsang, Flemming"]
[Result "0-1"]
[WhiteElo "2230"]
[BlackElo "2200"]
[PlyCount "100"]
[EventDate "1981.??.??"]
[EventType "swiss"]
[EventRounds "10"]
[EventCountry "DEN"]
[SourceDate "2004.01.01"]

1. d4 Nf6 2. c4 c5 3. d5 b5 4. cxb5 a6 5. bxa6 Bxa6 6. g3 d6 7. Bg2 g6 8. b3
Bg7 9. Bb2 Nbd7 10. Nf3 O-O 11. O-O Qc7 12. Re1 Rfb8 13. e4 Ng4 14. Bxg7 Kxg7
15. Bh3 h5 16. Na3 Qa5 17. Nc2 Qc3 18. Ne3 Ndf6 19. Bxg4 hxg4 20. Nd2 Rh8 21.
Ndc4 Bxc4 22. Nxc4 Rh3 23. Re3 Qd4 24. Qxd4 cxd4 25. Ree1 Rah8 26. Nd2 Rxh2 27.
Nf1 Rh1+ 28. Kg2 Nd7 29. f3 gxf3+ 30. Kxf3 Ne5+ 31. Ke2 Rg1 32. Kf2 Rhh1 33.
Rad1 Ng4+ 34. Ke2 Nh2 35. a4 Kf6 36. a5 Ke5 37. a6 Nxf1 38. a7 Rh2+ 39. Kd3
Rxg3+ 40. Kc4 Ra2 41. Rxf1 Rxa7 42. b4 Rb7 43. Rc1 Rc7+ 44. Kb5 Rxc1 45. Rxc1
Kxe4 46. Ka4 d3 47. b5 Rg2 48. Rb1 Rh2 49. b6 d2 50. b7 Rh8 0-1

[Event "3. Copenhagen Open Politiken Cup"]
[Site "Brndby"]
[Date "1981.??.??"]
[Round "6"]
[White "Tjarnemo, Hakan"]
[Black "Kristiansen, Tor"]
[Result "0-1"]
[WhiteElo "2235"]
[BlackElo "2250"]
[PlyCount "70"]
[EventDate "1981.??.??"]
[EventType "swiss"]
[EventRounds "10"]
[EventCountry "DEN"]
[SourceDate "2004.01.01"]

1. d4 Nf6 2. Nf3 g6 3. Bf4 Bg7 4. e3 O-O 5. Nbd2 d6 6. h3 Nbd7 7. Be2 b6 8. c3
Bb7 9. O-O c5 10. Bh2 Qc7 11. a4 a6 12. Qb3 Bc6 13. Qa3 cxd4 14. cxd4 Qb7 15.
Rfc1 Ne4 16. Nc4 f5 17. b4 Bd5 18. Qb2 g5 19. Ne1 g4 20. Nd2 Nxd2 21. Qxd2 gxh3
22. gxh3 Rf6 23. Bg3 Rg6 24. Kh2 Nf6 25. f3 Nh5 26. Bf2 e5 27. Ra3 exd4 28.
exd4 Re8 29. Bc4 Bxc4 30. Rxc4 Bh6 31. Qa2 d5 32. Rc2 Qb8+ 33. Kh1 Ng3+ 34.
Bxg3 Qxg3 35. Ng2 Re1+ 0-1

[Event "3. Copenhagen Open Politiken Cup"]
[Site "Brndby"]
[Date "1981.??.??"]
[Round "6"]
[White "Toth, Peter"]
[Black "Anbuhl, Edgar"]
[Result "1-0"]
[WhiteElo "2270"]
[BlackElo "2230"]
[PlyCount "82"]
[EventDate "1981.??.??"]
[EventType "swiss"]
[EventRounds "10"]
[EventCountry "DEN"]
[SourceDate "2004.01.01"]

1. c4 e5 2. Nc3 Nf6 3. Nf3 Nc6 4. g3 Bb4 5. Nd5 e4 6. Nh4 Bc5 7. d3 d6 8. dxe4
Nxe4 9. e3 O-O 10. Bg2 f5 11. O-O Bd7 12. b3 a6 13. Bb2 Ne5 14. Nf3 Ng4 15. Bd4
Bxd4 16. Qxd4 c5 17. Qd3 Bc6 18. Rad1 Rb8 19. h3 Ngf6 20. Nxf6+ Qxf6 21. Nd2
Nc3 22. Ra1 Bxg2 23. Kxg2 Rf7 24. a4 Rd8 25. Rfc1 Ne4 26. Ra2 Re8 27. h4 g6 28.
f3 Nxd2 29. Rxd2 Rfe7 30. Re1 Kf8 31. Qxd6 Qxd6 32. Rxd6 Rxe3 33. Rxe3 Rxe3 34.
Rb6 Re7 35. Kf2 Kg7 36. a5 Kh6 37. Rd6 f4 38. gxf4 Rf7 39. Kg3 Kg7 40. Rd5 Kf6
41. Rxc5 Re7 1-0

[Event "3. Copenhagen Open Politiken Cup"]
[Site "Brndby"]
[Date "1981.??.??"]
[Round "6"]
[White "Velikov, Petar"]
[Black "Mortensen, Erling"]
[Result "1-0"]
[WhiteElo "2445"]
[BlackElo "2375"]
[PlyCount "77"]
[EventDate "1981.??.??"]
[EventType "swiss"]
[EventRounds "10"]
[EventCountry "DEN"]
[SourceDate "2004.01.01"]

1. c4 e5 2. Nc3 Nf6 3. Nf3 d6 4. d4 Nbd7 5. e4 c6 6. Be2 Be7 7. O-O a6 8. Qc2
Qc7 9. a3 O-O 10. Rd1 b5 11. b4 Bb7 12. dxe5 Nxe5 13. Nxe5 dxe5 14. Be3 a5 15.
Rab1 axb4 16. axb4 bxc4 17. Bxc4 Ng4 18. Bc1 Nf6 19. h3 Rfd8 20. Be3 Ba6 21.
Bxa6 Rxa6 22. Nd5 Qb7 23. Nxe7+ Qxe7 24. Rxd8+ Qxd8 25. Rd1 Qa8 26. Qc3 Qe8 27.
Bg5 Rb6 28. Bxf6 gxf6 29. Rd6 Qe7 30. Qd3 Rb8 31. Rxc6 Qxb4 32. Qg3+ Kf8 33.
Qh4 f5 34. Qxh7 Qxe4 35. Qh8+ Ke7 36. Qxb8 Qxc6 37. Qxe5+ Qe6 38. Qxe6+ fxe6
39. f4 1-0

[Event "3. Copenhagen Open Politiken Cup"]
[Site "Brndby"]
[Date "1981.??.??"]
[Round "6"]
[White "Akesson, Ralf"]
[Black "Spassov, Liuben"]
[Result "1/2-1/2"]
[WhiteElo "2305"]
[BlackElo "2460"]
[PlyCount "63"]
[EventDate "1981.??.??"]
[EventType "swiss"]
[EventRounds "10"]
[EventCountry "DEN"]
[SourceDate "2004.01.01"]

1. Nf3 Nf6 2. g3 b6 3. Bg2 Bb7 4. O-O e6 5. d3 d5 6. Nbd2 Nbd7 7. b3 Bc5 8. Bb2
O-O 9. c4 Re8 10. Qc2 Bd6 11. Rad1 c5 12. e4 dxe4 13. Nxe4 Be7 14. Nxf6+ Nxf6
15. d4 Qc7 16. dxc5 bxc5 17. Be5 Qc6 18. Ne1 Qb6 19. Bxb7 Qxb7 20. Nd3 Red8 21.
Bxf6 gxf6 22. Nf4 Qf3 23. Rd3 Rxd3 24. Qxd3 Qxd3 25. Nxd3 Rd8 26. Rd1 f5 27.
Kf1 h5 28. Ke2 h4 29. Ne5 Rxd1 30. Kxd1 hxg3 31. hxg3 Bd6 32. Nd3 1/2-1/2

[Event "3. Copenhagen Open Politiken Cup"]
[Site "Brndby"]
[Date "1981.??.??"]
[Round "7"]
[White "Budde, Vladimir"]
[Black "Hansen, Curt"]
[Result "0-1"]
[WhiteElo "2285"]
[BlackElo "2330"]
[PlyCount "106"]
[EventDate "1981.??.??"]
[EventType "swiss"]
[EventRounds "10"]
[EventCountry "DEN"]
[SourceDate "2004.01.01"]

1. Nf3 Nf6 2. c4 e6 3. d4 b6 4. g3 Ba6 5. Nbd2 c5 6. Bg2 Bb7 7. e4 cxd4 8. e5
Ng8 9. O-O d6 10. Nb3 dxe5 11. Nxe5 Bxg2 12. Kxg2 Nd7 13. Qxd4 Ngf6 14. Be3
Nxe5 15. Qxe5 Qd7 16. Qf4 Rc8 17. Rfc1 Be7 18. Qf3 O-O 19. a4 Qd3 20. Bd4 Qxf3+
21. Kxf3 Nd7 22. a5 Nc5 23. Nxc5 bxc5 24. Bc3 Rfd8 25. Rd1 a6 26. Ke2 f6 27.
Rxd8+ Rxd8 28. Rd1 Rxd1 29. Kxd1 Kf7 30. Kc2 e5 31. Kd3 Ke6 32. f3 f5 33. h3 h5
34. Bd2 g5 35. Be1 Bd6 36. Ke3 Kf6 37. g4 hxg4 38. hxg4 e4 39. gxf5 exf3 40.
Ke4 g4 41. Bh4+ Kf7 42. Ke3 Be5 43. b3 Bf6 44. Bg3 Bd4+ 45. Kd3 Kf6 46. b4 f2
47. Bxf2 Bxf2 48. b5 Bg3 49. bxa6 Bb8 50. Ke4 g3 51. Kf3 Kxf5 52. a7 Bxa7 53.
Kxg3 Ke4 0-1

[Event "3. Copenhagen Open Politiken Cup"]
[Site "Brndby"]
[Date "1981.??.??"]
[Round "7"]
[White "Carlsson, Gerner"]
[Black "Bjarnason, Saevar"]
[Result "0-1"]
[WhiteElo "2205"]
[BlackElo "2245"]
[PlyCount "48"]
[EventDate "1981.??.??"]
[EventType "swiss"]
[EventRounds "10"]
[EventCountry "DEN"]
[SourceDate "2004.01.01"]

1. d4 Nf6 2. c4 e6 3. Nf3 c5 4. d5 exd5 5. cxd5 d6 6. Nc3 g6 7. e4 Bg7 8. Bg5
h6 9. Bh4 g5 10. Bg3 Nh5 11. Bb5+ Kf8 12. e5 Nxg3 13. fxg3 dxe5 14. O-O a6 15.
Bd3 b5 16. Nd2 Ra7 17. Qh5 Kg8 18. a4 c4 19. Bc2 b4 20. Nce4 b3 21. Bb1 Qxd5
22. Nf3 Be6 23. Nc3 Qd7 24. Be4 Bg4 0-1

[Event "3. Copenhagen Open Politiken Cup"]
[Site "Brndby"]
[Date "1981.??.??"]
[Round "7"]
[White "Carlsson, Mats"]
[Black "Wicker, Kevin J"]
[Result "1-0"]
[WhiteElo "2255"]
[BlackElo "2305"]
[PlyCount "99"]
[EventDate "1981.??.??"]
[EventType "swiss"]
[EventRounds "10"]
[EventCountry "DEN"]
[SourceDate "2004.01.01"]

1. d4 e6 2. Nf3 c5 3. c4 Nf6 4. Nc3 cxd4 5. Nxd4 Nc6 6. g3 Qb6 7. Nb3 Ne5 8. e4
Bb4 9. Qe2 O-O 10. f4 Ng6 11. e5 Ne8 12. Be3 Qc7 13. Bg2 d6 14. exd6 Nxd6 15.
c5 Bxc3+ 16. bxc3 Nf5 17. Bf2 Bd7 18. O-O Bc6 19. Bxc6 Qxc6 20. Na5 Qc7 21. Qb5
Rab8 22. Rad1 b6 23. cxb6 axb6 24. Nc4 Rfc8 25. Nxb6 Qxc3 26. Qd3 Qxd3 27. Rxd3
Rc2 28. Rfd1 h5 29. R3d2 Rc3 30. a4 e5 31. Rd3 Rc2 32. R3d2 Rc3 33. Rd3 Rxd3
34. Rxd3 e4 35. Rb3 e3 36. Be1 Nd4 37. Rb2 Nf8 38. a5 Nd7 39. Nc4 Ra8 40. Nb6
Rb8 41. Bc3 Nxb6 42. Bxd4 Nd7 43. Rxb8+ Nxb8 44. Bxe3 f5 45. Kf2 Kf7 46. Bd4 g6
47. Be5 Na6 48. Ke3 Ke6 49. Kd4 h4 50. Kc4 1-0

[Event "3. Copenhagen Open Politiken Cup"]
[Site "Brndby"]
[Date "1981.??.??"]
[Round "7"]
[White "Farias, Sergio"]
[Black "Laird, Craig"]
[Result "0-1"]
[WhiteElo "2240"]
[BlackElo "2305"]
[PlyCount "84"]
[EventDate "1981.??.??"]
[EventType "swiss"]
[EventRounds "10"]
[EventCountry "DEN"]
[SourceDate "2004.01.01"]

1. d4 Nc6 2. e4 d5 3. exd5 Qxd5 4. Nf3 Bg4 5. Be2 e5 6. Nc3 Bb4 7. O-O Bxc3 8.
bxc3 exd4 9. cxd4 Nge7 10. c4 Qd6 11. d5 Bxf3 12. Bxf3 Ne5 13. Be2 O-O 14. Bb2
N7g6 15. Qd4 c5 16. Qd2 f5 17. f4 Nd7 18. g3 Nf6 19. Bf3 Rae8 20. Rae1 b6 21.
Rxe8 Nxe8 22. Re1 Qd7 23. h4 Nd6 24. h5 Nxc4 25. Qc3 Nxb2 26. hxg6 Na4 27.
gxh7+ Kh8 28. Qc2 c4 29. Re5 b5 30. Bh5 Nc5 31. Qg2 Nd3 32. Re6 Nb4 33. Re5 c3
34. a3 c2 35. Qd2 Nd3 36. Qxc2 Nxe5 37. fxe5 Qxd5 38. Qe2 Rc8 39. e6 Rc1+ 40.
Kf2 Qc5+ 41. Kf3 Rc3+ 42. Kf4 Qd4+ 0-1

[Event "3. Copenhagen Open Politiken Cup"]
[Site "Brndby"]
[Date "1981.??.??"]
[Round "7"]
[White "From, Sigfred"]
[Black "Kristiansen, Tor"]
[Result "1-0"]
[WhiteElo "2225"]
[BlackElo "2250"]
[PlyCount "57"]
[EventDate "1981.??.??"]
[EventType "swiss"]
[EventRounds "10"]
[EventCountry "DEN"]
[SourceDate "2004.01.01"]

1. d4 Nf6 2. c4 c5 3. d5 b5 4. cxb5 a6 5. Nc3 Qa5 6. Bd2 axb5 7. e4 b4 8. e5
bxc3 9. Bxc3 Qa4 10. Qxa4 Rxa4 11. exf6 gxf6 12. b3 Ra8 13. Nf3 Na6 14. a3 Bb7
15. Bc4 Rg8 16. Nh4 e6 17. Bxf6 Bg7 18. Bxg7 Rxg7 19. O-O-O Rg4 20. g3 Nc7 21.
Rhe1 Rg5 22. d6 Nd5 23. f4 Rh5 24. f5 Nb6 25. fxe6 fxe6 26. Bxe6 dxe6 27. Rxe6+
Kd8 28. Re7 Nd7 29. Rde1 1-0

[Event "3. Copenhagen Open Politiken Cup"]
[Site "Brndby"]
[Date "1981.??.??"]
[Round "7"]
[White "Fuglsang, Flemming"]
[Black "Brondum, Eric"]
[Result "0-1"]
[WhiteElo "2200"]
[BlackElo "2460"]
[PlyCount "70"]
[EventDate "1981.??.??"]
[EventType "swiss"]
[EventRounds "10"]
[EventCountry "DEN"]
[SourceDate "2004.01.01"]

1. e4 c5 2. Nc3 Nc6 3. f4 g6 4. Nf3 Bg7 5. g3 d6 6. Bg2 e6 7. O-O Nge7 8. d3
O-O 9. Kh1 Rb8 10. Be3 Nd4 11. Rb1 b5 12. Ne2 e5 13. c3 Nxf3 14. Bxf3 Qc7 15.
Qe1 Bb7 16. Qf2 f5 17. Qg2 c4 18. dxc4 bxc4 19. exf5 Nxf5 20. Bf2 Bxf3 21. Qxf3
Qb7 22. Qxb7 Rxb7 23. Rfd1 Rfb8 24. Rd2 exf4 25. g4 Ne3 26. h3 Be5 27. Ng1 Bxc3
28. Bxe3 fxe3 29. Rc2 Be5 30. Nf3 Rxb2 31. Rbxb2 Rxb2 32. Rxc4 Bg3 33. Rc8+ Kg7
34. Rc7+ Kf6 35. Rxa7 e2 0-1

[Event "3. Copenhagen Open Politiken Cup"]
[Site "Brndby"]
[Date "1981.??.??"]
[Round "7"]
[White "Hansson, Dan"]
[Black "Karlsson, Lars"]
[Result "0-1"]
[WhiteElo "2330"]
[BlackElo "2465"]
[PlyCount "78"]
[EventDate "1981.??.??"]
[EventType "swiss"]
[EventRounds "10"]
[EventCountry "DEN"]
[SourceDate "2004.01.01"]

1. e4 c5 2. Nf3 Nc6 3. d4 cxd4 4. Nxd4 g6 5. Nc3 Bg7 6. Be3 Nf6 7. Bc4 O-O 8.
Bb3 a5 9. f3 d5 10. Nxc6 bxc6 11. e5 Nd7 12. f4 e6 13. Na4 c5 14. c4 d4 15. Bd2
Qh4+ 16. g3 Qe7 17. Qf3 Rb8 18. Bc2 f6 19. exf6 Nxf6 20. O-O Bb7 21. Qe2 Qd6
22. Rae1 Rbe8 23. Bd1 Ne4 24. Qd3 Nxd2 25. Qxd2 e5 26. Qxa5 Qc6 27. Bf3 e4 28.
Rxe4 Ra8 29. Qxc5 Rxa4 30. Qe7 Qc8 31. Bg4 Qb8 32. Be6+ Kh8 33. Bd5 Bxd5 34.
cxd5 Rxa2 35. Rf2 d3 36. d6 Rxb2 37. Rxb2 Qxb2 38. d7 Qb6+ 39. Kg2 d2 0-1

[Event "3. Copenhagen Open Politiken Cup"]
[Site "Brndby"]
[Date "1981.??.??"]
[Round "7"]
[White "Hartung Nielsen, Jens"]
[Black "Moe, Mogens"]
[Result "1/2-1/2"]
[WhiteElo "2220"]
[BlackElo "2350"]
[PlyCount "81"]
[EventDate "1981.??.??"]
[EventType "swiss"]
[EventRounds "10"]
[EventCountry "DEN"]
[SourceDate "2004.01.01"]

1. d4 Nf6 2. Nf3 g6 3. c4 Bg7 4. Nc3 d5 5. cxd5 Nxd5 6. e4 Nxc3 7. bxc3 c5 8.
Be2 Bg4 9. Be3 Qa5 10. O-O O-O 11. Qb3 Bd7 12. Rac1 b5 13. d5 c4 14. Qc2 Na6
15. Nd4 e5 16. dxe6 fxe6 17. Bg4 Nc5 18. Rcd1 Rac8 19. f4 b4 20. cxb4 Qxb4 21.
Rb1 Qa3 22. Rf3 Qd3 23. Qxd3 cxd3 24. e5 h5 25. Bh3 g5 26. fxg5 Bxe5 27. Rxf8+
Kxf8 28. Nf3 Bd6 29. Nd2 Ke7 30. g3 Bc6 31. Rc1 Ba4 32. g6 Bc2 33. Rf1 Rg8 34.
Rf7+ Ke8 35. Nc4 Be7 36. Rxe7+ Kxe7 37. Bxc5+ Kf6 38. g7 Kxg7 39. Bxe6 Re8 40.
Bd4+ Kf8 41. Bc5+ 1/2-1/2

[Event "3. Copenhagen Open Politiken Cup"]
[Site "Brndby"]
[Date "1981.??.??"]
[Round "7"]
[White "Hvenekilde, Jorgen"]
[Black "Akesson, Ralf"]
[Result "0-1"]
[WhiteElo "2275"]
[BlackElo "2305"]
[PlyCount "112"]
[EventDate "1981.??.??"]
[EventType "swiss"]
[EventRounds "10"]
[EventCountry "DEN"]
[SourceDate "2004.01.01"]

1. Nf3 Nf6 2. c4 b6 3. g3 Bb7 4. Bg2 c5 5. O-O e6 6. Nc3 Be7 7. a3 O-O 8. d3 d5
9. cxd5 exd5 10. Bd2 d4 11. Na2 Re8 12. b4 Nbd7 13. Nc1 Rc8 14. Nb3 Nd5 15.
bxc5 bxc5 16. Ba5 N7b6 17. Bh3 Rc6 18. Rc1 Bf8 19. Bd2 Ba8 20. Re1 h6 21. a4
Nd7 22. Na5 Rf6 23. Nc4 N7b6 24. a5 Nxc4 25. Rxc4 Nb4 26. Bxb4 cxb4 27. Rc8 Qe7
28. Rxe8 Qxe8 29. Nxd4 Qe5 30. Nb3 Bd5 31. Bg2 Bxb3 32. Qxb3 Qxa5 33. Be4 Qb5
34. Bd5 Qd7 35. d4 Ra6 36. Qf3 Ra3 37. e3 a5 38. Rc1 b3 39. Kg2 a4 40. Rc8 Ra1
41. Rb8 Rc1 42. e4 Rc7 43. e5 Qe7 44. h4 Ra7 45. h5 a3 46. e6 f6 47. Qxb3 g5
48. Qc2 Qd6 49. Qc8 Qxd5+ 50. Kh2 Qd6 51. Qe8 a2 52. Qg6+ Rg7 53. Qxf6 a1=Q 54.
d5 Qxf6 55. Rd8 Qde5 56. e7 Qexe7 0-1

[Event "3. Copenhagen Open Politiken Cup"]
[Site "Brndby"]
[Date "1981.??.??"]
[Round "7"]
[White "Jansa, Vlastimil"]
[Black "Taulbut, Shaun M"]
[Result "0-1"]
[WhiteElo "2460"]
[BlackElo "2380"]
[PlyCount "110"]
[EventDate "1981.??.??"]
[EventType "swiss"]
[EventRounds "10"]
[EventCountry "DEN"]
[SourceDate "2004.01.01"]

1. e4 d5 2. exd5 Qxd5 3. Nc3 Qa5 4. d4 Nf6 5. Nf3 Bf5 6. Bd2 c6 7. Bc4 e6 8.
Qe2 Bb4 9. Ne5 Nbd7 10. O-O-O Nxe5 11. dxe5 Nd7 12. a3 b5 13. Ba2 Bxa3 14. bxa3
Qxa3+ 15. Kb1 O-O 16. Bc1 Qb4+ 17. Bb2 Nb6 18. Ka1 Rab8 19. Nb1 Nc4 20. Bc3 Qa4
21. Rd4 Rb6 22. Rxc4 bxc4 23. Qxc4 Qxc2 24. Bd4 Qxc4 25. Bxc4 Rb4 26. Na3 Ra4
27. Ka2 Rb8 28. Bc3 Be4 29. f3 Rxc4 30. Nxc4 Bd5 31. Bd4 Bxc4+ 32. Ka3 a5 33.
Rc1 Bd5 34. Rc3 Rb1 35. Rd3 Rc1 36. Bb2 Rc2 37. g3 Rxh2 38. f4 h5 39. Rc3 Rf2
40. Rc5 Rf3+ 41. Rc3 Rf2 42. Rc5 h4 43. gxh4 Rxf4 44. h5 Rf3+ 45. Rc3 Rf5 46.
Rh3 Rf3+ 47. Rxf3 Bxf3 48. Ka4 Bxh5 49. Kxa5 Bf3 50. Kb6 Kh7 51. Kc5 g5 52. Kd4
Kg6 53. Ke3 Bd5 54. Ba3 Kf5 55. Bd6 g4 0-1

[Event "3. Copenhagen Open Politiken Cup"]
[Site "Brndby"]
[Date "1981.??.??"]
[Round "7"]
[White "Jasnikowski, Zbigniew"]
[Black "Sahl, Bjarke"]
[Result "1-0"]
[WhiteElo "2380"]
[BlackElo "2345"]
[PlyCount "76"]
[EventDate "1981.??.??"]
[EventType "swiss"]
[EventRounds "10"]
[EventCountry "DEN"]
[SourceDate "2004.01.01"]

1. e4 d6 2. d4 Nf6 3. Nc3 g6 4. Nf3 Bg7 5. Be2 O-O 6. O-O a6 7. a4 Nc6 8. d5
Nb8 9. a5 e5 10. dxe6 Bxe6 11. Bg5 h6 12. Bh4 Nc6 13. Nd2 Qd7 14. Nc4 Rae8 15.
Ne3 g5 16. Bg3 Nxe4 17. Nxe4 f5 18. Nxd6 cxd6 19. Bxd6 Rf6 20. Bc5 f4 21. Nc4
Rf5 22. Ba3 Rd5 23. Bd3 Rd4 24. b3 f3 25. Qxf3 Rf4 26. Qd1 Bg4 27. Qd2 Bxa1 28.
Rxa1 Nd4 29. Bd6 Ne2+ 30. Kf1 Rf6 31. Re1 Nf4 32. Rxe8+ Qxe8 33. Bc5 Qc6 34.
Ne3 Bh3 35. Bc4+ Kh8 36. Qd8+ Kg7 37. Qe7+ Kg6 38. Qe5 Kh5 1-0

[Event "3. Copenhagen Open Politiken Cup"]
[Site "Brndby"]
[Date "1981.??.??"]
[Round "7"]
[White "Jensen, Allan Astrup"]
[Black "Ernst, Thomas"]
[Result "1-0"]
[WhiteElo "2225"]
[BlackElo "2295"]
[PlyCount "41"]
[EventDate "1981.??.??"]
[EventType "swiss"]
[EventRounds "10"]
[EventCountry "DEN"]
[SourceDate "2004.01.01"]

1. e4 c5 2. Nc3 d6 3. f4 g6 4. Nf3 Bg7 5. Bb5+ Bd7 6. Bxd7+ Qxd7 7. O-O Nf6 8.
d3 O-O 9. Qe1 Nc6 10. h3 Rab8 11. Qh4 b5 12. f5 b4 13. Ne2 a5 14. Bh6 Ne5 15.
Ng5 a4 16. Nf4 Qe8 17. fxg6 hxg6 18. Nd5 Ned7 19. Nxf6+ Nxf6 20. Rxf6 Bxf6 21.
Bg7 1-0

[Event "3. Copenhagen Open Politiken Cup"]
[Site "Brndby"]
[Date "1981.??.??"]
[Round "7"]
[White "Jensen, Vagn"]
[Black "Rosenlund, Thorbjorn"]
[Result "1/2-1/2"]
[WhiteElo "2235"]
[BlackElo "2305"]
[PlyCount "72"]
[EventDate "1981.??.??"]
[EventType "swiss"]
[EventRounds "10"]
[EventCountry "DEN"]
[SourceDate "2004.01.01"]

1. e4 c6 2. d4 d5 3. exd5 cxd5 4. c4 Nf6 5. Nc3 e6 6. Nf3 Be7 7. cxd5 Nxd5 8.
Bd3 O-O 9. O-O Nc6 10. a3 Bf6 11. Re1 Nxc3 12. bxc3 b6 13. h4 Bb7 14. Qc2 h6
15. Bd2 Rc8 16. Qd1 Na5 17. Ng5 Nc4 18. Bf4 e5 19. dxe5 hxg5 20. exf6 Qd5 21.
Qg4 Qxd3 22. Re7 Qxc3 23. Rc1 Qxf6 24. Bxg5 Ne3 25. Qxc8 Bxc8 26. Bxf6 Nd5 27.
Bg5 Nxe7 28. Bxe7 Re8 29. Bd6 Bf5 30. Rc7 Re1+ 31. Kh2 Rd1 32. Be7 a5 33. Rb7
Rb1 34. Bd8 Rb3 35. Rxb6 Rxa3 36. Rb5 Bd7 1/2-1/2

[Event "3. Copenhagen Open Politiken Cup"]
[Site "Brndby"]
[Date "1981.??.??"]
[Round "7"]
[White "Kirov, Nino"]
[Black "Roos, Louis"]
[Result "0-1"]
[WhiteElo "2475"]
[BlackElo "2375"]
[PlyCount "78"]
[EventDate "1981.??.??"]
[EventType "swiss"]
[EventRounds "10"]
[EventCountry "DEN"]
[SourceDate "2004.01.01"]

1. g3 e5 2. c4 Nc6 3. Bg2 g6 4. Nc3 Bg7 5. Rb1 f5 6. b4 Nf6 7. b5 Nd4 8. e3 Ne6
9. Nge2 a6 10. a4 axb5 11. axb5 O-O 12. O-O d6 13. d3 Qe8 14. Nd5 Rb8 15. Nec3
Nh5 16. Ba3 Qd8 17. Re1 Ra8 18. Bb2 Bd7 19. Nb4 Rb8 20. Ba3 f4 21. Ne4 fxg3 22.
fxg3 Ng5 23. Nxg5 Qxg5 24. Nd5 Bg4 25. Qc2 Ra8 26. Bb4 Rf7 27. Rf1 Raf8 28.
Rxf7 Rxf7 29. Ra1 Bh6 30. d4 Bf3 31. dxe5 Bxg2 32. Ra8+ Kg7 33. Kxg2 Qf5 34.
Nf6 Nxf6 35. exf6+ Rxf6 36. Qe2 Qe4+ 37. Kh3 Rf5 38. Bc3+ Kf7 39. Rh8 Rh5+ 0-1

[Event "3. Copenhagen Open Politiken Cup"]
[Site "Brndby"]
[Date "1981.??.??"]
[Round "7"]
[White "Kovacs, Laszlo"]
[Black "Petursson, Margeir"]
[Result "1/2-1/2"]
[WhiteElo "2315"]
[BlackElo "2445"]
[PlyCount "89"]
[EventDate "1981.??.??"]
[EventType "swiss"]
[EventRounds "10"]
[EventCountry "DEN"]
[SourceDate "2004.01.01"]

1. e4 c5 2. Nf3 Nc6 3. d4 cxd4 4. Nxd4 g6 5. Nc3 Bg7 6. Be3 Nf6 7. Bc4 O-O 8.
f3 Qb6 9. Bb3 Ng4 10. fxg4 Bxd4 11. Nd5 Qa5+ 12. c3 Bxe3 13. Nxe3 Qg5 14. Qd2
d6 15. O-O-O Bxg4 16. h4 Qh5 17. Nxg4 Qxg4 18. h5 g5 19. h6 Kh8 20. Rdf1 f6 21.
Rf5 Ne5 22. Kb1 Qxe4+ 23. Bc2 Nc4 24. Qc1 Qe3 25. Qd1 Qb6 26. Qc1 e6 27. Rf3 d5
28. b3 Nd6 29. Rhf1 Qd8 30. Qe3 Qe7 31. g4 Rf7 32. Qd4 Raf8 33. Qxa7 Nb5 34.
Qb6 Na3+ 35. Kb2 Nxc2 36. Kxc2 Kg8 37. a4 e5 38. Rf5 e4 39. Qd4 e3 40. Re1 Re8
41. Rxd5 e2 42. Qc4 Qe4+ 43. Qxe4 Rxe4 44. Rd8+ Rf8 45. Rd7 1/2-1/2

[Event "3. Copenhagen Open Politiken Cup"]
[Site "Brndby"]
[Date "1981.??.??"]
[Round "7"]
[White "Krahenbuhl, Gerhard"]
[Black "Mortensen, Erling"]
[Result "1-0"]
[WhiteElo "2305"]
[BlackElo "2375"]
[PlyCount "81"]
[EventDate "1981.??.??"]
[EventType "swiss"]
[EventRounds "10"]
[EventCountry "DEN"]
[SourceDate "2004.01.01"]

1. c4 Nf6 2. Nc3 g6 3. g3 Bg7 4. d4 O-O 5. Bg2 d6 6. Nf3 Nbd7 7. O-O e5 8. e4
exd4 9. Nxd4 Nc5 10. h3 Re8 11. Re1 a5 12. b3 c6 13. Bf4 h6 14. Qc2 Nfd7 15.
Qd2 Qf6 16. Rad1 Ne5 17. Re2 Ne6 18. Nxe6 Bxe6 19. Na4 g5 20. Bxe5 dxe5 21. Qc3
Bf8 22. c5 Qg7 23. Nb6 Ra7 24. Red2 f6 25. Bf1 Kh8 26. Bc4 Bxh3 27. Be2 Be6 28.
Bh5 Bf7 29. Rd7 Re7 30. Rxe7 Bxe7 31. Bxf7 Qxf7 32. Rd7 Qe6 33. Rxe7 Qxe7 34.
Nc8 Qh7 35. Nxa7 Qxe4 36. Nc8 Qb1+ 37. Kg2 Qxa2 38. Qd3 e4 39. Qd8+ Kg7 40.
Qe7+ Kg8 41. Qxf6 1-0

[Event "3. Copenhagen Open Politiken Cup"]
[Site "Brndby"]
[Date "1981.??.??"]
[Round "7"]
[White "Nielsen, Jrgen"]
[Black "Plaskett, Jim"]
[Result "0-1"]
[WhiteElo "2220"]
[BlackElo "2405"]
[PlyCount "45"]
[EventDate "1981.??.??"]
[EventType "swiss"]
[EventRounds "10"]
[EventCountry "DEN"]
[SourceDate "2004.01.01"]

1. e4 c5 2. Nf3 d6 3. Be2 Nf6 4. d3 g6 5. O-O Bg7 6. c3 O-O 7. Nbd2 Nc6 8. a3
b5 9. Rb1 e5 10. b4 cxb4 11. axb4 d5 12. Bb2 Rb8 13. Re1 Re8 14. Qb3 h6 15. Ra1
Be6 16. Qc2 Qb6 17. Nb3 dxe4 18. dxe4 Bxb3 19. Qxb3 Nxe4 20. Qd5 Nxf2 21. Qc5
Qxc5 22. bxc5 Ne4 23. Ra5 0-1

[Event "3. Copenhagen Open Politiken Cup"]
[Site "Brndby"]
[Date "1981.??.??"]
[Round "7"]
[White "Pedersen, Jens Otto"]
[Black "Toth, Peter"]
[Result "1/2-1/2"]
[WhiteElo "2230"]
[BlackElo "2270"]
[PlyCount "84"]
[EventDate "1981.??.??"]
[EventType "swiss"]
[EventRounds "10"]
[EventCountry "DEN"]
[SourceDate "2004.01.01"]

1. Nf3 Nf6 2. c4 g6 3. b3 Bg7 4. Bb2 O-O 5. g3 d6 6. d4 c5 7. d5 e5 8. dxe6
fxe6 9. Bg2 Nc6 10. O-O d5 11. cxd5 exd5 12. Nbd2 Qe7 13. Ne1 Bg4 14. Ndf3 Rad8
15. Nd3 d4 16. Rc1 Ne4 17. Qc2 Nc3 18. Bxc3 dxc3 19. Rce1 Nb4 20. Nxb4 cxb4 21.
h3 Bf5 22. e4 Bxh3 23. Bxh3 Rxf3 24. Rd1 Bd4 25. Kg2 Rff8 26. Qe2 Kg7 27. f4
Bb6 28. e5 Rxd1 29. Rxd1 Rd8 30. Bg4 Rxd1 31. Qxd1 Qc5 32. Bf3 Qf2+ 33. Kh3 Bd4
34. Be4 h5 35. Qc2 Qf1+ 36. Qg2 Qxg2+ 37. Kxg2 g5 38. fxg5 Bxe5 39. Kh3 a5 40.
Kh4 b6 41. Kxh5 Bxg3 42. Kg4 Be1 1/2-1/2

[Event "3. Copenhagen Open Politiken Cup"]
[Site "Brndby"]
[Date "1981.??.??"]
[Round "7"]
[White "Poulsen, Allan"]
[Black "Welin, Thomas"]
[Result "0-1"]
[WhiteElo "2400"]
[BlackElo "2290"]
[PlyCount "52"]
[EventDate "1981.??.??"]
[EventType "swiss"]
[EventRounds "10"]
[EventCountry "DEN"]
[SourceDate "2004.01.01"]

1. c4 g6 2. Nc3 c5 3. g3 Bg7 4. Bg2 Nc6 5. d3 e6 6. e4 Nge7 7. Nge2 O-O 8. O-O
d6 9. Rb1 Rb8 10. a3 a5 11. Be3 Nd4 12. b4 Nec6 13. bxc5 dxc5 14. f4 b6 15. e5
f6 16. exf6 Qxf6 17. Nb5 Nf5 18. Qd2 Bb7 19. g4 Nh4 20. Be4 Qe7 21. Qe1 g5 22.
fxg5 Rxf1+ 23. Qxf1 Rf8 24. Qh3 Ne5 25. Nd6 Nef3+ 26. Kh1 Qxd6 0-1

[Event "3. Copenhagen Open Politiken Cup"]
[Site "Brndby"]
[Date "1981.??.??"]
[Round "7"]
[White "Ravikumar, Vaidyanathan"]
[Black "Radulov, Ivan"]
[Result "1/2-1/2"]
[WhiteElo "2325"]
[BlackElo "2460"]
[PlyCount "33"]
[EventDate "1981.??.??"]
[EventType "swiss"]
[EventRounds "10"]
[EventCountry "DEN"]
[SourceDate "2004.01.01"]

1. d4 d5 2. Nf3 Nf6 3. Bf4 c6 4. e3 Bf5 5. h3 e6 6. Bd3 Bxd3 7. Qxd3 Bd6 8.
Nbd2 O-O 9. c3 Qc7 10. Bxd6 Qxd6 11. e4 dxe4 12. Nxe4 Nxe4 13. Qxe4 Qd5 14. Qe2
Nd7 15. O-O Rfd8 16. Rfd1 Rac8 17. c4 1/2-1/2